[Event "CRO-chT"]
[Site "?"]
[Date "2000.09.14"]
[Round "4"]
[White "Boric Muhamed"]
[Black "Pinter Jozsef"]
[Result "0-1"]
[WhiteElo "2398"]
[BlackElo "2556"]
[PlyCount "56"]
[EventDate "2000.??.??"]
[Source "www.chesslib.no"]
[SourceDate "2004.05.04"]

1. Nf3 Nf6 2. g3 d5 3. c4 dxc4 4. Qa4+ Nbd7 5. Bg2 a6 6. Qxc4 e6 7. O-O b5 8. Qc2 Bb7 9. d3 Bd6 10. Bg5 O-O 11. Nc3 c5 12. a4 Qb6 13. Bxf6 Nxf6 14. Qb3 b4 15. a5 Qc7 16. Nb1 Bd5 17. Qa4 Rab8 18. b3 Be5 19. Nxe5 Qxe5 20. Ra2 Rb5 21. Rc2 h5 22. Re1 Bxg2 23. Kxg2 Rc8 24. Kf1 Qf5 25. Kg2 h4 26. Nd2 Ng4 27. Rf1 h3+ 28. Kg1 Qd5 0-1

[Event "BL2-Sued 0001"]
[Site "Germany"]
[Date "2000.11.12"]
[Round "2.2"]
[White "Hickl, Joerg"]
[Black "Lomineishvili, Maia"]
[Result "1-0"]
[WhiteElo "2573"]
[BlackElo "2376"]
[PlyCount "107"]
[EventDate "2000.10.15"]
[Source "ChessBase"]
[SourceDate "2001.07.03"]

1. g3 d5 2. Nf3 g6 3. c4 d4 4. Bg2 Bg7 5. d3 e5 6. O-O Ne7 7. Nbd2 O-O 8. b4 a5 9. b5 c5 10. bxc6 Nbxc6 11. Ba3 Nb4 12. Ne1 Nec6 13. Nc2 Re8 14. Re1 Bf8 15. Bc1 Bg4 16. h3 Be6 17. Kh2 h6 18. a3 Na6 19. Rb1 Nc5 20. Ne4 Nxe4 21. Bxe4 Qd7 22. Bg2 Rad8 23. Bd2 e4 24. Rb5 Na7 25. Rxa5 b6 26. Re5 f5 27. dxe4 Bg7 28. exf5 Bxe5 29. fxe6 Qg7 30. Bd5 Kh7 31. Nb4 Bd6 32. Qc2 Rc8 33. Qd3 Qf6 34. Kg2 Rc5 35. e4 b5 36. f4 bxc4 37. Bxc4 Bf8 38. Bd5 Nb5 39. e5 Qd8 40. Bc6 Rxc6 41. Nxc6 Qd5+ 42. Qe4 Qxe6 43. Nxd4 Nxd4 44. Qxd4 Bxa3 45. g4 Be7 46. Qe4 Rd8 47. Re2 Rf8 48. Be3 Qa6 49. Rc2 Rc8 50. Rxc8 Qe2+ 51. Kg1 Qe1+ 52. Kh2 Qe2+ 53. Qg2 Qxe3 54. Rc4 1-0

[Event "Petrosian Mem Open"]
[Site "Yerevan"]
[Date "2004.11.23"]
[Round "5"]
[White "Evdokimov, Alexander A"]
[Black "Geller, Jakov"]
[Result "1-0"]
[WhiteElo "2455"]
[BlackElo "2489"]
[PlyCount "89"]
[EventDate "2004.11.18"]
[Source "Roberto Alvarez"]
[SourceDate "2004.11.29"]

1. c4 e6 2. g3 d5 3. Bg2 d4 4. Nf3 c5 5. O-O Nc6 6. e3 Nf6 7. exd4 cxd4 8. d3 Be7 9. Re1 O-O 10. Na3 Ne8 11. Rb1 f6 12. Nc2 a5 13. a3 a4 14. Nh4 Nc7 15. f4 f5 16. Nf3 Na6 17. Bd2 Nc5 18. Nb4 Na5 19. Ne5 Nab3 20. Nbc6 bxc6 21. Nxc6 Qc7 22. Nxe7+ Qxe7 23. Bxa8 Ba6 24. Bg2 Nxd3 25. Rxe6 Qxe6 26. Bd5 Re8 27. Qe2 Ndc5 28. Bb4 Ne4 29. Bxe6+ Rxe6 30. Rd1 g6 31. Qc2 Rc6 32. c5 Nexc5 33. Bxc5 Rxc5 34. Qg2 Kg7 35. Qa8 Be2 36. Qa7+ Kh6 37. Rxd4 Rc1+ 38. Kf2 Nxd4 39. Qxd4 Bd1 40. h3 Bb3 41. g4 Rc4 42. g5+ Kh5 43. Qg7 Rxf4+ 44. Kg3 Kxg5 45. Qe7+ 1-0

[Event "CXEB"]
[Site "?"]
[Date "1998.11.16"]
[Round "?"]
[White "Tosti Ricardo Remigio (AR"]
[Black "Miettinen Kristo S.(USA)"]
[Result "1/2-1/2"]
[WhiteElo "2475"]
[BlackElo "2466"]
[PlyCount "45"]
[EventDate "1998.??.??"]
[Source "www.chesslib.no"]
[SourceDate "2004.05.04"]

1. Nf3 d5 2. c4 Nf6 3. cxd5 c6 4. dxc6 Nxc6 5. e3 e5 6. d4 exd4 7. Nxd4 Bc5 8. Nxc6 Qxd1+ 9. Kxd1 bxc6 10. Bc4 O-O 11. Nc3 Ng4 12. Ke1 Rd8 13. Be2 Be6 14. b3 Bb4 15. Bb2 c5 16. Bxg4 Bxg4 17. f3 Be6 18. Rd1 c4 19. bxc4 Rxd1+ 20. Kxd1 Bxc4 21. a3 Bc5 22. e4 Bb3+ 23. Kc1 1/2-1/2

[Event "Croatia"]
[Site "Croatia"]
[Date "1992.??.??"]
[Round "?"]
[White "Dizdar, Goran"]
[Black "Zelcic, Robert"]
[Result "1-0"]
[WhiteElo "2450"]
[BlackElo "2485"]
[PlyCount "73"]
[EventDate "1992.??.??"]
[Source "www.chesslib.no"]
[SourceDate "2004.05.04"]

1. Nf3 e6 2. g3 c5 3. c4 Nc6 4. Bg2 d5 5. O-O d4 6. e3 dxe3 7. fxe3 Nf6 8. Nc3 Be7 9. d4 O-O 10. b3 Qa5 11. Bb2 cxd4 12. exd4 Rd8 13. Qe2 Ba3 14. Bxa3 Qxa3 15. Rad1 Bd7 16. d5 exd5 17. Nxd5 Nxd5 18. cxd5 Qc5+ 19. Kh1 Re8 20. Qb2 Nd8 21. Ne5 Bb5 22. Rf4 f6 23. Ng4 Qd6 24. a4 Re2 25. Qd4 Bd7 26. Rxf6 gxf6 27. Nxf6+ Kf8 28. Rf1 Nf7 29. Nxd7+ Ke7 30. Qh4+ Ke8 31. Nf6+ Kf8 32. Nxh7+ Ke8 33. Qg4 Qe7 34. Nf6+ Kd8 35. Qg8+ Kc7 36. Qxa8 Re1 37. d6+ 1-0

[Event "YUG-chT 52nd"]
[Site "?"]
[Date "2000.08.25"]
[Round "1"]
[White "Vukic Milan"]
[Black "Scekic Milos"]
[Result "1/2-1/2"]
[WhiteElo "2494"]
[BlackElo "2440"]
[PlyCount "85"]
[EventDate "2000.??.??"]
[Source "www.chesslib.no"]
[SourceDate "2004.05.04"]

1. Nf3 d5 2. g3 c5 3. Bg2 Nc6 4. c4 d4 5. O-O e5 6. d3 f6 7. e4 g5 8. Ne1 h5 9. f4 g4 10. f5 Bh6 11. Rf2 Qe7 12. Bxh6 Nxh6 13. Bf1 Nf7 14. Ng2 Ng5 15. Nh4 Rh7 16. Nd2 a6 17. h3 gxh3 18. Be2 Bd7 19. Bxh5+ Kd8 20. Kh2 Kc7 21. Nf1 Rg8 22. g4 Qg7 23. Ng3 Be8 24. Qe2 Bxh5 25. Nxh5 Rxh5 26. gxh5 Nxe4 27. dxe4 Qg3+ 28. Kh1 Qxh4 29. Rg1 Rh8 30. Rg4 Qxh5 31. Rg7+ Kd6 32. Qxh5 Rxh5 33. Rxb7 Rh4 34. Rf7 Rxe4 35. Rxf6+ Kd7 36. Rxc6 Kxc6 37. f6 d3 38. f7 d2 39. f8=Q d1=Q+ 40. Rf1 Re1 41. Qc8+ Kb6 42. Qb8+ Kc6 43. Qc8+ 1/2-1/2